000 00468 a2200169 4500
000 BKB
001 070461
005 20200902150831.0
008
082 _a550.15195
_bD56M
100 1 _aDiggle, Peter J.
245 1 _aModel based Geo statistics
_cby Peter J. Diggle and Paulo J. Ribeiro
260 _aNew York
_bSpringer
_c2007
300 _a228p.
690 _aGeo statistics
700 _aRibeiro, Paulo J.
_b
_c
999 _c3906
_d3906